LEADER 01794nam a2200277 i 4500 001 000000250981 003 CaOOAMICUS 005 20230309144204.0 008 160829s1658 it u000 u ita u 026 $ag-s- m:o. n-do nebi (3) 1658 (Q) 040 $aSeMil$bita 100 1 $aPuccinelli, Placido,$d<1609-1685>.$0(OLS)http://semarc/name/18985 245 10$aTrionfo benedettino, nelle solenni feste, e sontuoso apparato in onore di S. Mauro abbate, celebrato per nove giorni continui da monaci cassinensi nell'abbadia regia, e ducale de SS. Apostoli Pietro, e Paolo Ingessate di Milano. Descritto dal p.d. Placido Puccinelli decano cassinense ... dato in luce da Alessandro Tagliaferri per sua divozione. 260 $aIn Milano :$bPer Giulio Cesare Malatesta Stamp. R.C.,$c[1658] 300 $a[8], 67, [1] p. :$bill. ;$c4°. 500 $aLegato con 3L-III-109 FA 500 $aData di pubblicazione presunta, 1658, a c. pg2v. 500 $aIniz. xilogr. 500 $aSegn.: pg4 A-G4 H6 700 1 $aTagliaferri, Alessandro.$0(OLS)http://semarc/name/83484 700 1 $aMalatesta, Giulio Cesare,$c.$0(OLS)http://semarc/name/81653 850 $aSeMil 852 $aSeMil$W1$xVenegono$y1$m3L III 110 FA$j201327$B201327$CSeMilBibl$Z2$F213087 $8I 996 $6245$aTrionfo benedettino, nelle solenni feste, e sontuoso apparato in onore di S. Mauro abbate, celebrato per nove giorni continui da monaci cassinensi nell'abbadia regia, e ducale de SS. Apostoli Pietro, e Paolo Ingessate di Milano. Descritto dal p.d. Placido Puccinelli decano cassinense ... dato in luce da Alessandro Tagliaferri per sua divozione$9(OLS)http://semarc/title/353115 996 $6260$aIn Milano :$bPer Giulio Cesare Malatesta Stamp. R.C.$9(OLS)http://semarc/publisher/55438 LEADER 01197nam a2200253 i 4500 001 000000163354 003 CaOOAMICUS 005 20071017000000.0 008 071017n it u000 u ita u 013 $a140718 040 $aSeMil$bita 100 1 $aAcquistapace, Paolo,$c.$0(OLS)http://semarc/name/18177 240 03$aUn prete, un uomo.$0(OLS)http://semarc/title/233044 245 14$a[Un prete, un uomo :$bmessaggio di umiltà, amicizia e amore di don Paolo Acquistapace attraverso le testimonianze di coloro che lo avvicinarono]. 260 $a[S.l. :$bs.n.,$c1982?] 300 $a36 p. :$bill. ;$c22 cm. 500 $aFondo Card. Giovanni Colombo. 600 14$aAcquistapace, Paolo .$0(OLS)http://semarc/subject/31056 850 $aSeMil 852 $aSeMil$W1$xVenegono$y1$m5D V 16/29$j114649$B114649$CSeMilBibl$Z2$F131043 $81 941 1 $a3 961 $aLascito: Colombo Card. Giovanni 996 $6245$a[Un prete, un uomo :$bmessaggio di umiltà, amicizia e amore di don Paolo Acquistapace attraverso le testimonianze di coloro che lo avvicinarono]$9(OLS)http://semarc/title/233045 996 $6260$a[S.l. :$bs.n.$9(OLS)http://semarc/publisher/31686